000
00358nam a2200169Ia 4500
003
0STCL
008
150530s9999 xx 000 0 und d
040
_a
STCL
_c
STCL
100
_a
John paul II
245
_a
Jeevante Suvisesham
260
_c
1995
300
_a
170
546
_a
Malayalam
942
_2
ddc
_c
BK
999
_c
3632
_d
3632
005
20220125165336.0